000 00497nam a2200097Ia 4500
008 170517s9999 xx 000 0 und d
245 4 _aThe Secrets of Sugar
300 _aFor many of us, sugar provides an instant feeling of warmth and comfort. We identify it as an essential component of great tasting foods, and of blissful culinary gratification. Its presence is unavoidable, even in foods that promise higher...
650 _xTechnology.
856 _uhttp://topdocumentaryfilms.com/secrets-sugar/
999 _c335119
_d335119